000 00648nam a2200181 a 4500
001 000039919
005 20201002033817.0
008 130730s1971 sp d r 000 0 spa d
040 _aDO-SdBNP
_bspa
_cBNPHU
082 _axxxx
_bxxxx
240 0 0 _aStahl Im Hochbau
_lEspañol
245 0 3 _aEl acero en la construcción :
_bManual para el proyecto, cálculo y ejecución de construcciones en acero /
_cversión española José Pinós Calvet.
260 _aBarcelona :
_bReverté,
_c1971.
300 _a1288 p. :
_bdiagrs. ;
_c24 cm.
500 _aIncluye índice alfabético
590 _aInventariado, 2019/BT
700 1 _aPinós Calvet, José
_966129
999 _c39409
_d39409